000 00647nam a2200253Ia 4500
003 OSt
005 20221005063024.0
006 a|||||r|||| 00| 0
007 ta
008 221004b |||||||| |||| 00| 0 eng d
020 _a1855010453
024 _a41323
037 _cTextual
040 _aCRL
_cCRL
_beng
041 _2eng
_aeng
082 _aO111,2M54x, N0
100 _aWilde Oscar
245 0 _aComplete stories plays and poems
260 _aLondon
_bTiger UK
_c1990
300 _a861p
_ccm.
650 _aENGLISH LITERATURE
942 _hO111,2M54x, N0
_cTEXL
_2cc
999 _c970738
_d970738